Américain Des pays Sans Un Atlantique Littoral - Statistiques

Statistiques générales
  • Ce quiz a été pris 117 fois
  • Le résultat moyen est 4 sur 5
Statistiques - réponses
Pays % Correct
Bolivie
94%
Paraguay
91%
Équateur
89%
Pérou
87%
Salvador
75%
Aucun quiz correspondant
Distribution des résultats
% des personnes avec chaque résultat
Percentile par nombre de réponses
Votre historique - résultats
Vous n’avez pas pris ce quiz